haqooq e insaniyat islam ki nazar main (urdu title) (Record no. 342380)

000 -LEADER
fixed length control field nam a22 7a 4500
003 - CONTROL NUMBER IDENTIFIER
control field NUST
005 - DATE AND TIME OF LATEST TRANSACTION
control field 20171222154556.0
008 - FIXED-LENGTH DATA ELEMENTS--GENERAL INFORMATION
fixed length control field 171222b xxu||||| |||| 00| 0 eng d
040 ## - CATALOGING SOURCE
Transcribing agency 0
082 ## - DEWEY DECIMAL CLASSIFICATION NUMBER
Classification number 297 RIS
100 ## - MAIN ENTRY--PERSONAL NAME
Personal name Rashid,Ali Muhammdi
9 (RLIN) 7534
245 ## - TITLE STATEMENT
Title haqooq e insaniyat islam ki nazar main (urdu title)
Statement of responsibility, etc. Hafiz Rashid Ali Muhammdi
260 ## - PUBLICATION, DISTRIBUTION, ETC.
Place of publication, distribution, etc. Lahore
Name of publisher, distributor, etc. Suba Roshan
Date of publication, distribution, etc. 2013
300 ## - PHYSICAL DESCRIPTION
Extent 271p.
500 ## - GENERAL NOTE
General note H.B
942 ## - ADDED ENTRY ELEMENTS (KOHA)
Source of classification or shelving scheme
Koha item type Book
Call number prefix IESE
Holdings
Withdrawn status Lost status Source of classification or shelving scheme Damaged status Not for loan Collection code Permanent Location Current Location Shelving location Date acquired Total Checkouts Full call number Barcode Date last seen Price effective from Koha item type
            Institute of Environmental Science and Engineering (IESE) Institute of Environmental Science and Engineering (IESE) General Stacks 12/22/2017   297 RIS IESE-3033 12/22/2017 12/22/2017 Book
© 2023 Central Library, National University of Sciences and Technology. All Rights Reserved.